000 01050nmb a2200289uu 4500
001 03230
003 HDC
007 cr aa aaaau
008 210105p2017 -uk||||| |||| 00| 0 eng d
022 _a1759-0833
040 _aHDC
100 _aAnnabi, Carrie Amani
_eauthor
_9365
245 0 _aHalal certification organizations in the United Kingdom / by
_cCarrie Amani Annabi, Olufunbi Olajumoke Ibidapo-Obe
260 _aBingley, UK :
_bEmerald Group Publishing Limited,
_c2017
300 _a1 online resource (21 pages)
336 _atext
_2rdacontent
337 _acomputer
_2rdamedia
338 _aonline resource
_2rdacarrier
650 _aHalal certification organization
_92228
650 _aHalal concept
_91118
650 _aHalal quality
_92229
700 _aIbidapo-Obe, Olufunbi Olajumoke
_eauthor
_92230
856 _zRequest full-text at [email protected]
942 _2lcc
942 _cAR
942 _kJART 001099
999 _c616
_d616